<?xml version="1.0" encoding="UTF-8"?>
<record
    xmlns:xsi="http://www.w3.org/2001/XMLSchema-instance"
    xsi:schemaLocation="http://www.loc.gov/MARC21/slim http://www.loc.gov/standards/marcxml/schema/MARC21slim.xsd"
    xmlns="http://www.loc.gov/MARC21/slim">

  <leader>00318nam a22001217a 4500</leader>
  <datafield tag="040" ind1=" " ind2=" ">
    <subfield code="c">HS</subfield>
  </datafield>
  <datafield tag="082" ind1=" " ind2=" ">
    <subfield code="a">630</subfield>
  </datafield>
  <datafield tag="100" ind1=" " ind2=" ">
    <subfield code="a">&#x1787;&#x17BD;&#x1784; &#x179F;&#x17BB;&#x1795;&#x179B;</subfield>
  </datafield>
  <datafield tag="245" ind1=" " ind2=" ">
    <subfield code="a">&#x1795;&#x17D2;&#x179F;&#x1796;&#x17D2;&#x179C;&#x1795;&#x17D2;&#x179F;&#x17B6;&#x1799;&#x1780;&#x179F;&#x17B7;&#x1780;&#x1798;&#x17D2;&#x1798; Agricultural extension</subfield>
  </datafield>
  <datafield tag="260" ind1=" " ind2=" ">
    <subfield code="a">RUA</subfield>
    <subfield code="b">&#x1787;&#x17BD;&#x1784;&#x200B; &#x179F;&#x17BB;&#x1795;&#x179B;</subfield>
    <subfield code="c">2009</subfield>
  </datafield>
  <datafield tag="300" ind1=" " ind2=" ">
    <subfield code="a">65p;</subfield>
  </datafield>
  <datafield tag="942" ind1=" " ind2=" ">
    <subfield code="c">KB</subfield>
  </datafield>
  <datafield tag="999" ind1=" " ind2=" ">
    <subfield code="c">9191</subfield>
    <subfield code="d">9191</subfield>
  </datafield>
  <datafield tag="952" ind1=" " ind2=" ">
    <subfield code="0">0</subfield>
    <subfield code="1">0</subfield>
    <subfield code="4">0</subfield>
    <subfield code="6">630_000000000000000_&#x1787;&#x17BD;&#x1784;_2009_C250</subfield>
    <subfield code="7">0</subfield>
    <subfield code="9">50897</subfield>
    <subfield code="a">LBC</subfield>
    <subfield code="b">LBC</subfield>
    <subfield code="c">C250</subfield>
    <subfield code="d">2016-08-25</subfield>
    <subfield code="o">630 &#x1787;&#x17BD;&#x1784; 2009 C250</subfield>
    <subfield code="p">RUA44572</subfield>
    <subfield code="r">2016-08-25</subfield>
    <subfield code="y">KB</subfield>
  </datafield>
  <datafield tag="952" ind1=" " ind2=" ">
    <subfield code="0">0</subfield>
    <subfield code="1">0</subfield>
    <subfield code="4">0</subfield>
    <subfield code="6">639_000000000000000_&#x1787;&#x17BD;&#x1784;_2009_C251</subfield>
    <subfield code="7">0</subfield>
    <subfield code="9">51642</subfield>
    <subfield code="a">LBC</subfield>
    <subfield code="b">LBC</subfield>
    <subfield code="c">C251</subfield>
    <subfield code="d">2016-09-05</subfield>
    <subfield code="o">639 &#x1787;&#x17BD;&#x1784; 2009 C251</subfield>
    <subfield code="p">RUA44122</subfield>
    <subfield code="r">2016-09-05</subfield>
    <subfield code="y">KB</subfield>
  </datafield>
  <datafield tag="952" ind1=" " ind2=" ">
    <subfield code="0">0</subfield>
    <subfield code="1">0</subfield>
    <subfield code="4">0</subfield>
    <subfield code="6">630_000000000000000_&#x1787;&#x17BD;&#x1784;_2009_C247</subfield>
    <subfield code="7">0</subfield>
    <subfield code="9">52176</subfield>
    <subfield code="a">LBC</subfield>
    <subfield code="b">LBC</subfield>
    <subfield code="c">C247</subfield>
    <subfield code="d">2016-09-15</subfield>
    <subfield code="o">630 &#x1787;&#x17BD;&#x1784; 2009 C247</subfield>
    <subfield code="p">RUA41340</subfield>
    <subfield code="r">2016-09-15</subfield>
    <subfield code="y">KB</subfield>
  </datafield>
</record>
